|
|
|
|
| LEADER |
00000nam0a2200000 4500 |
| 001 |
113437 |
| 005 |
20240619165519.0 |
| 010 |
|
|
|a 5766405189
|
| 020 |
|
|
|a RU
|b 91-35602
|
| 035 |
|
|
|a (RuTPU)RU\TPU\book\122690
|
| 090 |
|
|
|a 113437
|
| 100 |
|
|
|a 20070411d1991 m y0rusy5003 ca
|
| 101 |
0 |
|
|a rus
|
| 102 |
|
|
|a RU
|
| 105 |
|
|
|a a z 000ay
|
| 200 |
1 |
|
|a Третий Рим
|e Роман-хроника
|a Русь на переломе
|e Историческая повесть
|f Л. Жданов
|g авт. предисл. В. Алексеев и Е. Медреш
|
| 205 |
|
|
|a Репродукционное издание
|
| 210 |
|
|
|a Харьков
|c Интербук
|d 1991
|
| 215 |
|
|
|a 462,[2] с.
|c ил.
|d 22 см
|
| 225 |
1 |
|
|a Тайны венценосцев
|
| 600 |
|
0 |
|a Иван Грозный
|d IV
|c великий князь московский, первый русский царь
|f 1530-1584
|c из династии Рюриковичей
|2 stltpush
|3 (RuTPU)RU\TPU\pers\1414
|
| 600 |
|
0 |
|a Алексей Михайлович
|c русский царь из династии Романовых (1645-1676)
|f 1629-1676
|2 stltpush
|3 (RuTPU)RU\TPU\pers\10058
|9 2150
|
| 600 |
|
0 |
|a Федор Алексеевич
|c русский царь из династии Романовых (1676-1682)
|f 1661-1682
|2 stltpush
|3 (RuTPU)RU\TPU\pers\10060
|9 2152
|
| 600 |
|
0 |
|a Петр Великий
|d I
|f 1672-1725
|c российский царь из династии Романовых (1682-1725)
|c первый российский император
|2 stltpush
|3 (RuTPU)RU\TPU\pers\365
|
| 610 |
1 |
|
|a русская литература
|
| 610 |
1 |
|
|a Русское государство
|
| 610 |
1 |
|
|a 16 век
|
| 610 |
1 |
|
|a 17 век
|
| 610 |
1 |
|
|a исторические произведения
|
| 675 |
|
|
|a Р1
|z rus
|
| 700 |
|
1 |
|a Жданов
|b Л.
|g Лев
|4 070
|
| 702 |
|
1 |
|a Алексеев
|b В.
|4 080
|
| 702 |
|
1 |
|a Медреш
|b Е.
|4 080
|
| 801 |
|
0 |
|a RU
|b RuMRKP
|c 19950417
|g psbo
|
| 801 |
|
1 |
|a RU
|b 63413507
|c 20070411
|g PSBO
|
| 801 |
|
2 |
|a RU
|b 63413507
|c 20070813
|g PSBO
|
| 942 |
|
|
|c BK
|